Comparative mythology. (Record no. 77390)
[ view plain ]
| 000 -LEADER | |
|---|---|
| fixed length control field | 00335nam a2200133Ia 4500 |
| 008 - FIXED-LENGTH DATA ELEMENTS--GENERAL INFORMATION | |
| fixed length control field | 210210b1909 xxu||||| |||| 00| 0 eng d |
| 082 ## - DEWEY DECIMAL CLASSIFICATION NUMBER | |
| Classification number | 110/81 |
| 100 ## - MAIN ENTRY--PERSONAL NAME | |
| Personal name | MULLER (Max F). |
| 245 ## - TITLE STATEMENT | |
| Title | Comparative mythology. |
| 260 ## - PUBLICATION, DISTRIBUTION, ETC. | |
| Place of publication, distribution, etc. | London |
| Name of publisher, distributor, etc. | George Routledge and Sons Limited |
| Date of publication, distribution, etc. | 1909 |
| 300 ## - PHYSICAL DESCRIPTION | |
| Extent | 184 |
| 690 ## - LOCAL SUBJECT ADDED ENTRY--TOPICAL TERM (OCLC, RLIN) | |
| Topical term or geographic name as entry element | Philosophy |
| 906 ## - LOCAL DATA ELEMENT F, LDF (RLIN) | |
| a | 000875 |
| Withdrawn status | Lost status | Damaged status | Not for loan | Collection code | Home library | Current library | Shelving location | Date acquired | Cost, normal purchase price | Total Checkouts | Full call number | Barcode | Date last seen | Price effective from | Koha item type |
|---|---|---|---|---|---|---|---|---|---|---|---|---|---|---|---|
| St Aloysius Library | St Aloysius Library | 02/17/2021 | 0.00 | 110/81 | 000875 | 02/17/2021 | 02/17/2021 | Book |